| 000 | 00462nam a2200181Ia 4500 | ||
|---|---|---|---|
| 001 | 10874 | ||
| 005 | 20260306161904.0 | ||
| 008 | 260306t2003||||xx |||||||||||||| ||spa|| | ||
| 041 | _aESP | ||
| 082 |
_a980 _bH59 V. 6 |
||
| 100 |
_aVázquez, Josefina Z. _eAUT |
||
| 245 | 0 | _aLa construcción de las naciones latinoamericanas, 1820-1870 | |
| 260 | _c2003 | ||
| 300 |
_a724 páginas : _c25 cm. |
||
| 650 | _aGEN | ||
| 654 | _aCHU | ||
| 942 |
_cLIB _dJUS _fJUS _2ddc _n |
||
| 999 |
_c10874 _d10874 |
||